<?xml version="1.0" encoding="UTF-8"?>
<record
    xmlns:xsi="http://www.w3.org/2001/XMLSchema-instance"
    xsi:schemaLocation="http://www.loc.gov/MARC21/slim http://www.loc.gov/standards/marcxml/schema/MARC21slim.xsd"
    xmlns="http://www.loc.gov/MARC21/slim">

  <leader>00576nam a22001337a 4500</leader>
  <datafield tag="040" ind1=" " ind2=" ">
    <subfield code="c">RUA</subfield>
  </datafield>
  <datafield tag="082" ind1=" " ind2=" ">
    <subfield code="a">AVM PHE 2018 B654 Or.1</subfield>
  </datafield>
  <datafield tag="100" ind1=" " ind2=" ">
    <subfield code="a">PHENG CHANNAROM &#x1795;&#x17C1;&#x1793; &#x1785;&#x17B6;&#x1793;&#x17CB;&#x178E;&#x17B6;&#x179A;&#x17BB;&#x17C6; </subfield>
  </datafield>
  <datafield tag="245" ind1=" " ind2=" ">
    <subfield code="a">case of mastitis in dairy cow at moo moo farm kandal province &#x1780;&#x179A;&#x178E;&#x17B8;&#x179A;&#x179B;&#x17B6;&#x1780;&#x178A;&#x17C4;&#x17C7;&#x1782;&#x17C4;&#x1793;&#x17C5;&#x1780;&#x179F;&#x17B7;&#x178A;&#x17D2;&#x178B;&#x17B6;&#x1793; &#x1798;&#x17BC;&#x1798;&#x17BC; &#x1781;&#x17C1;&#x178F;&#x17D2;&#x178F;&#x1780;&#x178E;&#x17D2;&#x178F;&#x17B6;&#x179B;  </subfield>
  </datafield>
  <datafield tag="260" ind1=" " ind2=" ">
    <subfield code="a">RUA</subfield>
    <subfield code="b">Phnom penh</subfield>
    <subfield code="c">2018</subfield>
  </datafield>
  <datafield tag="300" ind1=" " ind2=" ">
    <subfield code="a">viii;33p</subfield>
    <subfield code="b">ill;</subfield>
    <subfield code="c">29cm</subfield>
  </datafield>
  <datafield tag="856" ind1=" " ind2=" ">
    <subfield code="u">https://drive.google.com/file/d/1G2pAfSBWTAAEyahqyNiQjBbv8oW_0Dlu/view?usp=sharing</subfield>
  </datafield>
  <datafield tag="942" ind1=" " ind2=" ">
    <subfield code="c">AVM</subfield>
  </datafield>
  <datafield tag="999" ind1=" " ind2=" ">
    <subfield code="c">18616</subfield>
    <subfield code="d">18616</subfield>
  </datafield>
  <datafield tag="952" ind1=" " ind2=" ">
    <subfield code="0">0</subfield>
    <subfield code="1">0</subfield>
    <subfield code="2">ddc</subfield>
    <subfield code="4">0</subfield>
    <subfield code="6">AVM_PHE_2018_000000000000000_B654_OR_1</subfield>
    <subfield code="7">0</subfield>
    <subfield code="9">82975</subfield>
    <subfield code="a">LBB</subfield>
    <subfield code="b">LBB</subfield>
    <subfield code="c">B654</subfield>
    <subfield code="d">2019-12-25</subfield>
    <subfield code="l">1</subfield>
    <subfield code="o">AVM PHE 2018 B654 Or.1</subfield>
    <subfield code="p">A063418</subfield>
    <subfield code="r">2023-11-20</subfield>
    <subfield code="s">2023-10-27</subfield>
    <subfield code="w">2019-12-25</subfield>
    <subfield code="y">AVM</subfield>
  </datafield>
  <datafield tag="952" ind1=" " ind2=" ">
    <subfield code="0">0</subfield>
    <subfield code="1">0</subfield>
    <subfield code="2">ddc</subfield>
    <subfield code="4">0</subfield>
    <subfield code="6">AVM_PHE_2018_000000000000000_B654_OR_2</subfield>
    <subfield code="7">0</subfield>
    <subfield code="9">82976</subfield>
    <subfield code="a">LBB</subfield>
    <subfield code="b">LBB</subfield>
    <subfield code="c">B654</subfield>
    <subfield code="d">2019-12-25</subfield>
    <subfield code="l">2</subfield>
    <subfield code="o">AVM PHE 2018 B654 Or.2</subfield>
    <subfield code="p">A063756</subfield>
    <subfield code="r">2023-12-01</subfield>
    <subfield code="s">2023-12-01</subfield>
    <subfield code="w">2019-12-25</subfield>
    <subfield code="y">AVM</subfield>
  </datafield>
  <datafield tag="952" ind1=" " ind2=" ">
    <subfield code="0">0</subfield>
    <subfield code="1">0</subfield>
    <subfield code="2">ddc</subfield>
    <subfield code="4">0</subfield>
    <subfield code="6">AVM_PHE_2018_000000000000000_B654_OR_3</subfield>
    <subfield code="7">0</subfield>
    <subfield code="9">82977</subfield>
    <subfield code="a">LBB</subfield>
    <subfield code="b">LBB</subfield>
    <subfield code="c">B654</subfield>
    <subfield code="d">2019-12-25</subfield>
    <subfield code="l">1</subfield>
    <subfield code="o">AVM PHE 2018 B654 Or.3</subfield>
    <subfield code="p">A063752</subfield>
    <subfield code="r">2023-10-27</subfield>
    <subfield code="s">2023-09-29</subfield>
    <subfield code="w">2019-12-25</subfield>
    <subfield code="y">AVM</subfield>
  </datafield>
  <datafield tag="952" ind1=" " ind2=" ">
    <subfield code="0">0</subfield>
    <subfield code="1">0</subfield>
    <subfield code="2">ddc</subfield>
    <subfield code="4">0</subfield>
    <subfield code="6">AVM_PHE_2018_000000000000000_B654_OR_4</subfield>
    <subfield code="7">0</subfield>
    <subfield code="9">82978</subfield>
    <subfield code="a">LBB</subfield>
    <subfield code="b">LBB</subfield>
    <subfield code="c">B654</subfield>
    <subfield code="d">2019-12-25</subfield>
    <subfield code="l">6</subfield>
    <subfield code="o">AVM PHE 2018 B654 Or.4</subfield>
    <subfield code="p">A063748</subfield>
    <subfield code="r">2022-04-04</subfield>
    <subfield code="s">2022-03-07</subfield>
    <subfield code="w">2019-12-25</subfield>
    <subfield code="y">AVM</subfield>
  </datafield>
  <datafield tag="952" ind1=" " ind2=" ">
    <subfield code="0">0</subfield>
    <subfield code="1">0</subfield>
    <subfield code="2">ddc</subfield>
    <subfield code="4">0</subfield>
    <subfield code="6">AVM_PHE_2018_000000000000000_B654_OR_5</subfield>
    <subfield code="7">0</subfield>
    <subfield code="9">82979</subfield>
    <subfield code="a">LBB</subfield>
    <subfield code="b">LBB</subfield>
    <subfield code="c">B654</subfield>
    <subfield code="d">2019-12-25</subfield>
    <subfield code="l">1</subfield>
    <subfield code="o">AVM PHE 2018 B654 Or.5</subfield>
    <subfield code="p">A063740</subfield>
    <subfield code="r">2023-10-18</subfield>
    <subfield code="s">2023-09-13</subfield>
    <subfield code="w">2019-12-25</subfield>
    <subfield code="y">AVM</subfield>
  </datafield>
  <datafield tag="952" ind1=" " ind2=" ">
    <subfield code="0">0</subfield>
    <subfield code="1">0</subfield>
    <subfield code="2">ddc</subfield>
    <subfield code="4">0</subfield>
    <subfield code="6">AVM_PHE_2018_000000000000000_B654_OR_6</subfield>
    <subfield code="7">0</subfield>
    <subfield code="9">82980</subfield>
    <subfield code="a">LBB</subfield>
    <subfield code="b">LBB</subfield>
    <subfield code="c">B654</subfield>
    <subfield code="d">2019-12-25</subfield>
    <subfield code="l">1</subfield>
    <subfield code="o">AVM PHE 2018 B654 Or.6</subfield>
    <subfield code="p">A063736</subfield>
    <subfield code="r">2023-11-15</subfield>
    <subfield code="s">2023-11-03</subfield>
    <subfield code="w">2019-12-25</subfield>
    <subfield code="y">AVM</subfield>
  </datafield>
</record>
